<?xml version="1.0" encoding="UTF-8"?>
<record
    xmlns:xsi="http://www.w3.org/2001/XMLSchema-instance"
    xsi:schemaLocation="http://www.loc.gov/MARC21/slim http://www.loc.gov/standards/marcxml/schema/MARC21slim.xsd"
    xmlns="http://www.loc.gov/MARC21/slim">

  <leader>01717nam a22002417a 4500</leader>
  <controlfield tag="003">AR-RoUNCS</controlfield>
  <controlfield tag="005">20260511145404.0</controlfield>
  <controlfield tag="007">ta</controlfield>
  <controlfield tag="008">260511s1981    sp |||||r|||| 00| 1 spa d</controlfield>
  <datafield tag="020" ind1=" " ind2=" ">
    <subfield code="a">8402081487</subfield>
  </datafield>
  <datafield tag="040" ind1=" " ind2=" ">
    <subfield code="a">AR-RoUNCS</subfield>
    <subfield code="b">spa</subfield>
    <subfield code="c">AR-RoUNCS</subfield>
  </datafield>
  <datafield tag="041" ind1=" " ind2=" ">
    <subfield code="a">spa</subfield>
  </datafield>
  <datafield tag="100" ind1="1" ind2=" ">
    <subfield code="a">Garc&#xED;a M&#xE1;rquez, Gabriel,</subfield>
    <subfield code="d">1927-2014</subfield>
    <subfield code="e">autor</subfield>
  </datafield>
  <datafield tag="245" ind1="1" ind2="3">
    <subfield code="a">La mala hora / </subfield>
    <subfield code="c">Gabriel Garc&#xED;a M&#xE1;rquez.</subfield>
  </datafield>
  <datafield tag="250" ind1=" " ind2=" ">
    <subfield code="a">1a ed.</subfield>
  </datafield>
  <datafield tag="260" ind1=" " ind2=" ">
    <subfield code="a">Barcelona : </subfield>
    <subfield code="b">Bruguera,</subfield>
    <subfield code="c">1981.</subfield>
  </datafield>
  <datafield tag="300" ind1=" " ind2=" ">
    <subfield code="a">216 p. ; </subfield>
    <subfield code="c">18 cm.</subfield>
  </datafield>
  <datafield tag="490" ind1="0" ind2=" ">
    <subfield code="a">Colecci&#xF3;n de Literatura Universal Bruguera ; </subfield>
    <subfield code="v">82</subfield>
  </datafield>
  <datafield tag="520" ind1=" " ind2=" ">
    <subfield code="a">En La mala hora, Gabriel Garc&#xED;a M&#xE1;rquez construye un inolvidable ap&#xF3;logo sobre la violencia colectiva. Al pueblo ha llegado "la mala hora" de los campesinos, la hora de la desgracia. La comarca ha sido "pacificada" despu&#xE9;s de una guerra civil. Han ganado los conservadores, que se dedican a perseguir cruel y pertinazmente a sus adversarios liberales. Al alba, mientras el padre &#xC1;ngel se dispone a celebrar la misa, suena un disparo en el pueblo. Un comerciante de ganado, advertido por un pasqu&#xED;n pegado a la puerta de su casa de la infidelidad de su mujer, acaba de matar al presunto amante de &#xE9;sta. Es uno de los pasquines an&#xF3;nimos clavados en las puertas de las casas, que no son panfletos pol&#xED;ticos, sino simples denuncias sobre la vida privada de los ciudadanos. Pero no revelan nada que no se supiera de antemano: son los viejos rumores que ahora se han hecho p&#xFA;blicos; y a partir de ellos estalla la violencia subyacente a la luz t&#xF3;rrida, espesa, cansada y pegajosa, en una serie de escenas encadenadas de inolvidable belleza.</subfield>
  </datafield>
  <datafield tag="650" ind1=" " ind2="7">
    <subfield code="2">embne</subfield>
    <subfield code="a">Literatura colombiana</subfield>
  </datafield>
  <datafield tag="655" ind1=" " ind2="7">
    <subfield code="2">embne</subfield>
    <subfield code="a">Novelas</subfield>
  </datafield>
  <datafield tag="942" ind1=" " ind2=" ">
    <subfield code="2">udc</subfield>
    <subfield code="c">OG</subfield>
    <subfield code="n">0</subfield>
  </datafield>
  <datafield tag="999" ind1=" " ind2=" ">
    <subfield code="c">1007</subfield>
    <subfield code="d">1007</subfield>
  </datafield>
  <datafield tag="952" ind1=" " ind2=" ">
    <subfield code="0">0</subfield>
    <subfield code="1">0</subfield>
    <subfield code="2">ddc</subfield>
    <subfield code="4">0</subfield>
    <subfield code="7">0</subfield>
    <subfield code="8">CG</subfield>
    <subfield code="a">ESOCIALES</subfield>
    <subfield code="b">ESOCIALES</subfield>
    <subfield code="d">2026-05-11</subfield>
    <subfield code="e">Donaci&#xF3;n 2026</subfield>
    <subfield code="l">0</subfield>
    <subfield code="o"> 82-31(862) G216</subfield>
    <subfield code="p">000965</subfield>
    <subfield code="r">2026-05-11 14:47:56</subfield>
    <subfield code="w">2026-05-11</subfield>
    <subfield code="y">OG</subfield>
  </datafield>
</record>
